| 000 | 00816nam a22001937a 4500 | ||
|---|---|---|---|
| 005 | 20240313142638.0 | ||
| 010 | _aHIN-127048 | ||
| 020 |
_a9789389373677 _c185.00 |
||
| 035 | _aHN-99394 | ||
| 037 | _bDBAD/PUB | ||
| 082 | _a821 | ||
| 245 |
_aरहीम; _bकालजयी कवि और उनका काव्य/ _cमाधव हांडा द्वारा सम्पादित |
||
| 250 | _a1 | ||
| 260 |
_aदिल्ली _bराजपाल एंड संस _c2023 |
||
| 270 |
_a1590 मदरसा रोड कश्मीरी गेट _bदिल्ली _e110006 |
||
| 300 |
_a110पृष्ठ; _c22सेमी(अजिल्द) |
||
| 710 |
_aमाधव हांडा _eसम्पादक _962972 |
||
| 942 |
_2ddc _cHN _h821 _mरहीम |
||
| 999 |
_c201313 _d201313 |
||